William Shakespeare as you like it (Record no. 7900)

MARC details
000 -LEADER
fixed length control field 00504cam a2200205ua 4500
001 - CONTROL NUMBER
control field 8812
005 - DATE AND TIME OF LATEST TRANSACTION
control field 20260515114359.0
008 - FIXED-LENGTH DATA ELEMENTS--GENERAL INFORMATION
fixed length control field 150214n ii |||gr||||Z||||||eng
040 ## - CATALOGING SOURCE
Transcribing agency MAIN
041 ## - LANGUAGE CODE
Language code of text/sound track or separate title eng
082 ## - DEWEY DECIMAL CLASSIFICATION NUMBER
Classification number 822.33
100 ## - MAIN ENTRY--PERSONAL NAME
Personal name Khandel wal, K. N.,
Relator term Editor.
245 1# - TITLE STATEMENT
Title William Shakespeare as you like it
Statement of responsibility, etc. Edited by K . N. Khandelwal
250 ## - EDITION STATEMENT
Edition statement 1st.
260 ## - PUBLICATION, DISTRIBUTION, ETC.
Place of publication, distribution, etc. Agra:
Name of publisher, distributor, etc. Lakshmi,
Date of publication, distribution, etc. 1974.
300 ## - PHYSICAL DESCRIPTION
Extent 338p.
653 ## - INDEX TERM--UNCONTROLLED
Uncontrolled term English drama
653 ## - INDEX TERM--UNCONTROLLED
Uncontrolled term Shakespeare drama
942 ## - ADDED ENTRY ELEMENTS (KOHA)
Koha item type Books
Holdings
Withdrawn status Lost status Damaged status Not for loan Home library Current library Shelving location Date acquired Total checkouts Full call number Barcode Date last seen Copy number Price effective from Koha item type
        Naharkatiya College Library Naharkatiya College Library General stacks 09/19/2020   822.33 | WIL 4509 09/19/2020 1 09/19/2020 Books
        Naharkatiya College Library Naharkatiya College Library General stacks 09/19/2020   822.33 | WIL 4510 09/19/2020 2 09/19/2020 Books